Normal view
MARC view
- القرآن والصحة العامة -- الإسلام والتغذية -- الإسلام والصحة
Entry Topical Term
001 - CONTROL NUMBER
- control field: 9587
003 - CONTROL NUMBER IDENTIFIER
- control field: JO-AjAnu
005 - DATE AND TIME OF LATEST TRANSACTION
- control field: 20230606071837.0
008 - FIXED-LENGTH DATA ELEMENTS
- fixed length control field: 230606|| aca||aabn | a|a d
040 ## - CATALOGING SOURCE
- Original cataloging agency: JO-AjAnu
- Transcribing agency: JO-AjAnu
150 ## - HEADING--TOPICAL TERM
- Topical term or geographic name entry element: القرآن والصحة العامة -- الإسلام والتغذية -- الإسلام والصحة
670 ## - SOURCE DATA FOUND
- Source citation: Work cat.: (JO-AjAnu)4944: تأليف ، حسن، محمد كامل؛ مراجعة حسن تميم, author 9586, الموسوعة القرآنية : الصحة والغذاء في القرآن الكريم